'CH' On The Menu Quiz Stats

 Plays Quiz Updated May 30, 2019

Support Sporcle.
Go Orange.
Score 0/28 Timer 06:00
0 Plays Today
Clue Food Or Drink % Correct
The 'con carne' variety is the official dish of TexasChili
93.8%
'Yes, we do have hamburgers and fries in England,
but we call french fries ____'
Chips
91.1%
'It's the single most popular cheese in the world!'Cheddar
91%
New Years' 'bubbly'Champagne
90.8%
Corn or clam are popular varieties of this thick soupChowder
89.6%
The Swiss, Belgians and Germans all produce excellent varieties of this sweet treatChocolate
85.8%
This cereal's Honey Nut version was introduced in 1979Cheerios
84.2%
At Christmas, you may roast these on an open fireChestnuts
82.5%
Type of green onion often served on baked potatoesChive
77.2%
Provolone and sliced rib-eye are typical ingredients in this Philadelphia favoriteCheesesteak
76.1%
Unusual meats are often described as tasting like thisChicken
72.4%
A member of the beet family, 'Swiss' is the most popular type of this leafy vegetable Chard
68.7%
Chinese stir-fried noodlesChow Mein
68.4%
Varieties of this fruit include Bing, Stella and SequoiaCherry
66.7%
Clue Food Or Drink % Correct
Tea made with aromatic spicesChai
65.7%
In Spain, this sausage is spiced with paprika,
in Mexico they use hot peppers
Chorizo
62.2%
Deep-fried Spanish pastry with a ridged surfaceChurro
54.4%
Another name for the garbanzo beanChick Pea
50.6%
Deep-fried Tex-Mex burritoChimichanga
49.5%
Italian red wine historically sold with the bottle in a straw basketChianti
47.6%
This dessert name can also refer to a pin-up girlCheesecake
44.1%
The Humpty-Dumpty Drive-In was the first to trademark this type of hot sandwichCheeseburger
43.5%
Second most widely-planted white wine grape,
after the Airén
Chardonnay
42.2%
Smoke-dried jalapeño peppers,
or a sauce made from them
Chipotle
41.2%
Name given to condiments and preserves of IndiaChutney
37.1%
Chinese vegetable dish, often cooked with meat in a thickened sauceChop Suey
26.7%
Most widely sold 12 year old Scotch whisky brandChivas Regal
22.3%
Fluffy cake variety made with flour, vegetable oil and eggsChiffon
11.1%

You're not logged in!

Compare scores with friends on all Sporcle quizzes.
OR
Log In
Forgot?

From the Vault

Find the Vowel States

by mhershfield

Geography 90s
The best part about this quiz is that no states start with Y. That will save you lots of time when reading through the comments.
Remove Ads.
Support Sporcle.
Get the best of Sporcle when you Go Orange. This ad-free experience offers more features, more stats, and more fun while also helping to support Sporcle. Thank you for becoming a member.

Show Comments

Extras

Top Quizzes Today


Score Distribution

Your Account Isn't Verified!

In order to create a playlist on Sporcle, you need to verify the email address you used during registration. Go to your Sporcle Settings to finish the process.

Report this User

Report this user for behavior that violates our Community Guidelines.

Details: